01417nam a22002414c 4500003000900000008004100009020001800050040003100068041001900099080001000118100001900128245007700147250002100224264003600245300004200281336002700323337003300350338002800383520068000411521002501091650002401116650003501140AR-BaSMT260427b2026 aga|||br ||| 00| 1 spa d a9789877363722 aBSGBbespañolcBSGBerda0 aspahespañol a82-311 aVallejos, Lyna10aLyna Vallejos, una familia anormal : by unas vacaciones muy extrañas. aNovena edición aBuenos aires : bAltea , c2026 a112 páginas ; bilustraciones color 2rdacontentatextobtxt 2rdamediaasin mediaciónbn 2rdacarrieravolumenbnc1 aLa familia anormal tiene nuevos integrantes y después de sus locas aventuras decidieron tomarse unas tranquilas vacaciones para disfrutar el tiempo juntos. Pero por supuesto nada salió como esperaban y una vez más deberán enfrentarse a situaciones increíbles, intensos desafíos y sus vidas correrán peligro a cada instante. ¿Podrán salvarse esta vez? ¿Lograrán disfrutar por fin de sus vacaciones? ¿Quiénes son los nuevos integrantes de la familia? No pierdas más tiempo, descubrilo en esta nueva historia.uhttps://www.penguinlibros.com/ar/a-partir-de-7-anos/314883-libro-una-familia-anormal-y-unas-vacaciones-muy-extranas-9789877363722 27/04/2026 aA partir de 8 años 7aLITERATURA INFANTIL 7aNOVELA DE AVENTURASzArgentina